000 00874cab a22001935a 4500
001 L155250
008 120313e2012 xxk 000 0 eng d
035 _a(Sirsi) u155250
041 0 _aeng
110 2 _aEuroProperty
_91216
245 0 0 _aMajor activity in Asia Minor
260 _c2012
490 0 _aEuroProperty
_v5 March 2012, 12-13(2)
520 _aTurkey with a young population and 6% GDP growth remains a top investment prospect with retail investors particularly positive. Turkey is the seventh largest market in Europe and its population is the third biggest in Europe after Russia and Germany. Charts based on Cushman & Wakefield data cover commercial rents whose rise is powered by young consumers, and commercial yields where compression is the long-term trend.
590 _aKA
651 4 _aTurkey
690 _aCommercial property
_96227
942 _n0
999 _c83839
_d83839